Ruský plyn poteče plynovodem do Číny

Po niekoľkých rokoch vzájomných rokovaní sa Rusko a Čína dohodli na 30-ročnej dohode o dodávkach zemného plynu. Prostredníctvom plynovodu Power of Siberia bude ruským štátom vlastnená spoločnosť Gazprom vyvážať svoje zdroje do Číny. Niektorí analytici tvrdia, že toto potrubie znamená pre Rusko kľúčo...

Description complète

Enregistré dans:
Détails bibliographiques
Auteur principal: Welsink, Emma
Format: Chapitre de livre
Langue:tchèque
Sujets:
Tags: Ajouter un tag
Pas de tags, Soyez le premier à ajouter un tag!

MARC

LEADER 00000naa a2200000 4500
001 0249664
005 20181218131601.7
041 0 |a cze 
044 |a CZ 
245 1 0 |a Ruský plyn poteče plynovodem do Číny  |c Emma Welsink 
520 |a Po niekoľkých rokoch vzájomných rokovaní sa Rusko a Čína dohodli na 30-ročnej dohode o dodávkach zemného plynu. Prostredníctvom plynovodu Power of Siberia bude ruským štátom vlastnená spoločnosť Gazprom vyvážať svoje zdroje do Číny. Niektorí analytici tvrdia, že toto potrubie znamená pre Rusko kľúčovú pozíciu pre vstup do Ázie a považujú to za dôsledok zhoršujúcich sa vzťahov so Západom. Čo znamená prehlbovanie energetickej spolupráce medzi Ruskom a Čínou pre Európu. 
610 2 0 |a energetika 
610 2 0 |a zdroje energie 
610 2 0 |a plyn zemný 
610 2 0 |a plynovody 
610 2 0 |a spolupráca medzinárodná 
610 2 0 |a Rusko 
610 2 0 |a Čína 
610 2 0 |a Európa 
100 1 |a Welsink, Emma